Jak dobrze znasz Piotra Żyłe - Statystyki

Ogólne statystyki
  • Ten quiz został rozwiązany 89 razy
  • Średni wynik to 8 z 15
Statystyki odpowiedzi
Hint Odpowiedź % Poprawnych
Ile ma lat? 34
100%
Ile ma zwycięstw w Pucharze Świata? 2
75%
Jaki medal zdobył podczas zawodów indywidualnych Mistrzostw Świata w Lahti? Brąz
71%
Jaki jest jego rekord życiowy w długości lotu? 248
67%
W którym roku zajął drugie miejsce w końcowej klasyfikacji 65. Turnieju Czterech Skoczni? 2017
64%
Na jakim instrumencie gra Piotrek? Gitara
64%
Jaki ma pseudonim? Wiewiór | Pieter
63%
Jak ma na imię była żona Piotra Żyły? Justyna
51%
Gdzie odniusł swoje pierwsze zwycięstwo? Oslo
51%
Jakim warzywem zajada się Piotrek? Papryka
50%
Gdzie się urodził? Cieszyn
36%
Gdzie zadebiutował w Pucharze Świata? Sapporo
32%
Jak nazywają się jego dzieci? Karolina | Jakub
28%
W jakim klubie skacze? WSS Wisła
21%
Ulubiona gra Piotrka? Pokemon Go
17%
Nie znaleziono quizów pasujących do podanych kryteriów
Rozkład punktacji
Procent ludzi z każdym wynikiem
Percentyl według liczby udzielonych odpowiedzi
Twoja historia wyników
Nie rozwiązałeś tego quizu